Công nghệ sản xuất phân bón hỗn hợp NPK: Sản xuất, bảo quản, sử dụng

Salvato in:
Dettagli Bibliografici
Autore principale: Nguyễn Huy Phiêu
Natura: Libro
Lingua:Undetermined
Pubblicazione: Hà Nội 2000
Soggetti:
Tags: Aggiungi Tag
Nessun Tag, puoi essere il primo ad aggiungerne! !
Thư viện lưu trữ: Trung tâm Học liệu Trường Đại học Cần Thơ
LEADER 00572nam a2200181Ia 4500
001 CTU_39376
008 210402s9999 xx 000 0 und d
020 |b 14.000đ 
082 |a 668.62 
082 |b Ph309 
100 |a Nguyễn Huy Phiêu 
245 0 |a Công nghệ sản xuất phân bón hỗn hợp NPK: Sản xuất, bảo quản, sử dụng 
245 0 |c Nguyễn Huy Phiêu 
260 |a Hà Nội 
260 |c 2000 
650 |a fertilizer industry 
904 |i Minh, 001114 
980 |a Trung tâm Học liệu Trường Đại học Cần Thơ